| 000 | 01081nam a22002897a 4500 | ||
|---|---|---|---|
| 003 | OSt | ||
| 005 | 20260401121536.0 | ||
| 008 | 260401b |||||||| |||| 00| 0 eng d | ||
| 020 | _a9789914550009 | ||
| 040 | _cKENYA LITERATURE BUREU | ||
| 050 |
_aPL 8702 .K4 .K59 2024 _b.K59 2024 |
||
| 100 |
_aMiricho, Mutahi _eauthor. |
||
| 245 |
_aTop Scholar Kiswahili : _bkitabu cha mwanafunzi, gredi ya 9 _cMiricho Mutahi ... [et al.]. |
||
| 250 | _a1st ed. | ||
| 260 |
_aNairobi, Kenya : _bKenya Literature Bureau, _c2024. |
||
| 300 |
_a172 pages: _billustrations ; _c24.6 cm |
||
| 500 | _aTextbook for Grade 9 Kiswahili in the Kenyan curriculum. | ||
| 526 | _aLearner’s textbook adopted for Grade 9 secondary curriculum in Kenya. | ||
| 650 |
_aSwahili language _xStudy and teaching (Secondary) _zKenya. |
||
| 650 |
_aSwahili language _xTextbook |
||
| 700 | _aKea, Pauline, | ||
| 700 |
_aMaina, David Kamau, _eauthor. |
||
| 700 |
_aMutekwa, Florence, _eauthor. |
||
| 700 |
_aLumwamu, Philip, _eauthor. |
||
| 700 |
_aGathoni, Lilian, _eauthor. |
||
| 942 |
_2lcc _cBK _e1st ed. _n0 |
||
| 999 |
_c10027 _d10027 |
||